000
00394nam a22001697a 4500
003
MPLRDC
005
20220104123751.0
008
210129b ||||| |||| 00| 0 eng d
082
_a
857.45 GL v.2
100
_a
高旅
245
_a
金屑酒. 下
_c
250
_a
一版一刷
260
_a
_b
花城出版社
_c
1986
300
_b
平
650
_a
历史小说
942
_c
BK
_o
857.45 GL v.2
999
_c
14030
_d
14020